000 00285nam a22001097a 4500
005 20251008123036.0
008 251008b |||||||| |||| 00| 0 eng d
040 _cPK-LaNCA
082 _a720.979493
_bLOS
245 _aLos Angeles architecture: the contemporary condition
942 _cBK
999 _c66863
_d66863